000 00551nam a2200205Ia 4500
005 20250508162823.0
008 008 250505s9999 xx 000 0 eng d
020 _a81-7033-147-5
037 _aTextual
040 _aFEDL
_beng
_cFEDL
041 _aeng
_2eng
084 _a331.4, MAT
_qFEDL
100 _aMathur Deepa
_9273761
245 0 _aWomen, family and work
260 _aJaipur, India
_bRawat Publications
_c1992
300 _aviii,154p.
650 _aEconomics
942 _cTEXL
_h331.4, MAT
999 _c1378883
_d1378883